<?xml version="1.0" encoding="UTF-8"?>
<marc:record xmlns:marc="http://www.loc.gov/MARC21/slim">
   <marc:leader>00000nam a2200000 a 4500</marc:leader>
   <marc:datafield ind1=" " ind2=" " tag="653">
      <marc:subfield code="a">Softcover / Belletristik/Comic</marc:subfield>
   </marc:datafield>
   <marc:datafield ind1=" " ind2=" " tag="653">
      <marc:subfield code="a">Cartoon</marc:subfield>
   </marc:datafield>
   <marc:datafield ind1=" " ind2=" " tag="653">
      <marc:subfield code="a">Humor</marc:subfield>
   </marc:datafield>
   <marc:datafield ind1=" " ind2=" " tag="653">
      <marc:subfield code="a">Satire</marc:subfield>
   </marc:datafield>
   <marc:datafield ind1="0" ind2="0" tag="245">
      <marc:subfield code="a">Baker Street</marc:subfield>
   </marc:datafield>
   <marc:datafield ind1="0" ind2="0" tag="245">
      <marc:subfield code="c">Szenario Pierre Veys. Zeichn. Nicolas Barral. [Aus dem Franz. von Martin Surmann. Hrsg. Mirko Piredda</marc:subfield>
   </marc:datafield>
   <marc:datafield ind1=" " ind2="1" tag="264">
      <marc:subfield code="a">Berlin</marc:subfield>
      <marc:subfield code="b">Piredda</marc:subfield>
      <marc:subfield code="c">2010</marc:subfield>
   </marc:datafield>
   <marc:datafield ind1="1" ind2=" " tag="520">
      <marc:subfield code="a">Angaben aus der Verlagsmeldung

Sherlock Holmes und der Schatten des M Sherlock Holmes &amp; L' ombre du M / von Pierre Veys

Unter den Augen von Sherlock Holmes, Doktor Watson und Mrs. Hudson wird Thomas Clipton das Testament seines verstorbenen Onkels Cornelius eröffnet: Innerhalb von nur sechs Wochen muss er von Ceylon aus zurück nach England reisen, um das Erbe antreten zu können! Leider hat die Gruppe keine Ahnung, dass sich Professor Moriarty mit dem alten Teawings und dessen Chinesenbande verbündet hat, um genau dieses zu verhindern. Doch dank der genialen Einfälle von Holmes und der tatkräftigen Unterstützung von Mrs. Hudson kommen sie ihrem Ziel Stück für Stück näher...
</marc:subfield>
   </marc:datafield>
   <marc:datafield ind1=" " ind2=" " tag="020">
      <marc:subfield code="a">9783941279384</marc:subfield>
      <marc:subfield code="9">9783941279384</marc:subfield>
   </marc:datafield>
   <marc:datafield ind1=" " ind2=" " tag="041">
      <marc:subfield code="a">ger</marc:subfield>
   </marc:datafield>
   <marc:datafield ind1=" " ind2=" " tag="300">
      <marc:subfield code="a">48 S.</marc:subfield>
   </marc:datafield>
</marc:record>
